000 00635nam a2200241Ia 4500
001 30140
005 20240114001435.0
007 ta
008 060712s1943 g b000 u 465 u
040 _aCotton College,Assam
041 _a465
082 _a891.441809
_bAr 67 R
100 _aAronson, A. .
245 0 _aRabindranath Through Western Eyes /
_cA. Aronson.
_hTextual Documents
250 _a1st ed. /
260 _aAllahabad :
_bKitabistan ,
_c1943.
300 _a158p. ;
_c22cm.
653 _aBengali Poetry-Criticism
653 _aG-Bengali
942 _2ddc
_cBK
999 _c30122
_d30122